Сочинения Иустина, епископа Рязанского и Зарайского. Т. 11$90: Чтения о Новом завете | Палестинские вечера в Рязани | Краткий исторический очерк нравственности | Как жить по указанию Псалмов | Нерукотворенный образ всемилостивейшего Спаса и поклонение ему | Совет господа нашего Иисуса Христа и его завещание | О св. Василии, епископе Рязанском | Св. князь Рязанский - великомученик Роман Ольгович | Разные статьи религиозно-нравственного содержания (Запись № 4478271)

Подробности
000 -МАРКЕР
контрольное поле 02202nam2a22003011 4500
001 - ИДЕНТИФИКАТОР ЗАПИСИ
контрольное поле v19\rc\1269262
005 - ИДЕНТИФИКАТОР ВЕРСИИ
контрольное поле 20250618023306.0
035 ## - ДРУГИЕ СИСТЕМНЫЕ НОМЕРА
Идентификатор записи (NLR Aleph) 004452165
100 ## - ДАННЫЕ ОБЩЕЙ ОБРАБОТКИ
Данные общей обработки 20060306d1896 |||y0rusy50 ca
101 0# - ЯЗЫК РЕСУРСА
Язык текста, звукозаписи и т.д. русский
102 ## - СТРАНА ПУБЛИКАЦИИ ИЛИ ПРОИЗВОДСТВА
Страна публикации Российская Федерация
105 ## - ПОЛЕ КОДИРОВАННЫХ ДАННЫХ: ТЕКСТОВЫЕ МАТЕРИАЛЫ, МОНОГРАФИЧЕСКИЕ
Кодированные данные о монографическом текстовом документе y c |||a|
200 1# - ЗАГЛАВИЕ И СВЕДЕНИЯ ОБ ОТВЕТСТВЕННОСТИ
Основное заглавие Чтения о Новом завете
-- Палестинские вечера в Рязани
-- Краткий исторический очерк нравственности
-- Как жить по указанию Псалмов
-- Нерукотворенный образ всемилостивейшего Спаса и поклонение ему
-- Совет господа нашего Иисуса Христа и его завещание
-- О св. Василии, епископе Рязанском
-- Св. князь Рязанский - великомученик Роман Ольгович
-- Разные статьи религиозно-нравственного содержания
210 ## - ПУБЛИКАЦИЯ, РАСПРОСТРАНЕНИЕ И ДР.
Дата издания, распространения и т.д. 1896
Место издания, распространения и т.д. Б. м.
215 ## - ФИЗИЧЕСКАЯ ХАРАКТЕРИСТИКА
Специфическое обозначение материала и объем [2], IV, 382 с.
461 #0 - УРОВЕНЬ НАБОРА
Встроенное поле 001v19\rc\1269251
-- 2001#$aСочинения Иустина, епископа Рязанского и Зарайского$eТ. 1-12$vТ. 11$90
-- 700#0$3RU\NLR\AUTH\7711855$7ca$aИустин$cПолянский, Михаил Евграфович$cепископ$f1832-1903
Системный номер (АБИС) связанной записи 5232379
Автор Иустин (Полянский, Михаил Евграфович ; 1832-1903)
Место публикации Москва
Дата публикации 1895-1897
Имя издателя, распространителя и т.д. типо-лит. т-ва И.Н. Кушнерев и К⁰
Сведения, относящиеся к заглавию Т. 1-12
Физическая характеристика 12 т.
Заглавие Сочинения Иустина, епископа Рязанского и Зарайского
Номер тома Т. 11$90
532 12 - РАСШИРЕННОЕ ЗАГЛАВИЕ
Заглавие О святом Василии, епископе Рязанском
532 12 - РАСШИРЕННОЕ ЗАГЛАВИЕ
Заглавие Святой князь Рязанский - великомученик Роман Ольгович
702 #0 - ИМЯ ЛИЦА - ВТОРИЧНАЯ ОТВЕТСТВЕННОСТЬ
Начальный элемент ввода Иисус Христос
Код отношения Прочие
702 #0 - ИМЯ ЛИЦА - ВТОРИЧНАЯ ОТВЕТСТВЕННОСТЬ
Начальный элемент ввода Василий
Дополнения к именам, кроме дат св. еп. Рязанский и Муромский
Даты -1360
Код отношения Прочие
702 #0 - ИМЯ ЛИЦА - ВТОРИЧНАЯ ОТВЕТСТВЕННОСТЬ
Начальный элемент ввода Роман Ольгович
Код отношения Прочие
801 #0 - ИСТОЧНИК ЗАПИСИ
Страна Российская Федерация
Организация NLR
Правила каталогизации psbo
801 #1 - ИСТОЧНИК ЗАПИСИ
Страна Российская Федерация
Организация ProSoft-M
Источник данных rusmarc
852 ## - МЕСТОНАХОЖДЕНИЕ И ШИФР ХРАНЕНИЯ
Идентификатор организации NLR
Шифр хранения (Call Number) 18.179.4.31
942 ## - ДОПОЛНИТЕЛЬНЫЕ ЭЛЕМЕНТЫ ЗАПИСИ (АБИС)
Тип экземпляра АБИС Книга
980 ## - КОЛЛЕКЦИЯ
Название коллекции Национальная библиография
Экземпляры
Тип экземпляра Дата поступления Библиотека постоянного хранения Библиотека текущего хранения Место хранения Шифр хранения Штрих-код Статус экземпляра
Книга 26.10.2013 РНБ (Садовая) РНБ (Садовая) Русский книжный фонд -Главное здание, Ленинский читальный зал 18.179.4.31 4452165-10